000 01394nam0a2200361 4500
001 RU\NLR\BIBL_A\021949055
005 20230609140127.0
010 _a978-5-09-104966-4
_9300
021 _aRU
_bКН-П-23-028527
_9КН-П-23-2832
035 _a(NLR Aleph) 021949055
035 _a(RuMoRGB)011765555
090 _a13209884
_c13209884
100 _a20230529d2023 d y0rusy50 ca
101 0 _arus
102 _aRU
105 _aa|||j|||000zy
181 0 _ai2
_baxxe
181 0 _ab2
_bxb2e
182 0 _an
200 1 _aБиология
_e7 класс
_eучебник
_fС. П. Шаталова, Т. С. Сухова
203 _aТекст
_aИзображение
_bвизуальные
_cнепосредственные
205 _a8-е изд., стер.
210 _aМосква
_cПросвещение
_d2023
215 _a302, [1] с.
_cил., цв. ил., табл.
_d22
225 1 _aЖивая природа
606 1 _aЗоология
_jУчебники для средней школы
_2nlr_sh1
_2nlr_sh2
_3RU\NLR\AUTH\664910
686 1 _aЕ6я721-1
700 1 _aШаталова
_bС. П.
_gСветлана Петровна
701 1 _aСухова
_bТ. С.
_gТамара Сергеевна
_3RU\NLR\AUTH\774340
942 _cBOOK
980 _aNB